000 00449nam a22001817a 4500
999 _c7846
_d7846
003 OSt
005 20220324105332.0
008 220324b ||||| |||| 00| 0 eng d
040 _cDDC
082 _a320 POL 2009
100 _aPollock, Phillip H
_915960
245 _aThe essentials of political analysis
250 _a3rd ed.
260 _aOxford
_b: CQ press
_c, C 2009
300 _axviii,256p.
_c; 26 cm
504 _aIndex
942 _2ddc
_cBOOK